000 00948 a2200193 4500
005 20141127103809.0
008 141127b xxu||||| |||| 00| 0 spa d
040 _cC0-BoIH
041 _aspa
044 _ack
090 _aIAVH
_b00214
100 _aGaviria, Diana
_94595
110 _anstituto de Investigación de Recursos Biológicos Alexander von Humboldt. Proyecto Andes
_929283
245 _aOportunidades y amenazas para el proyecto de conservación y uso sostenible de la biodiversidad en los Andes colombianos presentes en la ley del plan nacional de desarrollo
_bManual Financiero
260 _aBogotá
_bInstituto Alexander Von Humboldt
_c1998
300 _a97 p.
773 0 _aGaviria, Diana
_dBogot Ìnstituto Alexander von Humboldt 1998
_tOportunidades y amenazas para el proyecto de conservacin̤ y uso sostenible de la biodiversidad en los Andes colombianos presentes en la ley del plan nacional de desarrollo
942 _2z
_cINFORME
999 _c8839
_d8839